[Event "Druzynowe Mistrzostwa Polski - I Liga 2018"]
[Site "Pokrzywna"]
[Date "1899-12-30"]
[Round "9.14"]
[White "Jakubowski, Krzysztof"]
[Black "Lizak, Jakub"]
[Result "1-0"]
[WhiteTitle "GM"]
[BlackTitle "k"]
[WhiteElo "2508"]
[BlackElo "2168"]

1. d4 Nf6 2. c4 g6 3. Nc3 d5 4. Bf4 Bg7 5. e3 O-O 6. Rc1 Be6 7. c5 c6 8. h3 Bc8
9. Nf3 Nfd7 10. Be2 Re8 11. b4 e5 12. Bh2 exd4 13. exd4 b5 14. a4 a5 15. axb5
axb4 16. Nb1 Qe7 17. Bd6 Qe6 18. Rc2 cxb5 19. O-O Nf6 20. Bxb5 Bd7 21. Bxd7 Qxd7
22. Ne5 Qb5 23. f3 Nc6 24. Rb2 Nxe5 25. dxe5 Nd7 26. f4 Ra1 27. Qxd5 Bf8 28. Rc1
Rc8 29. e6 Nf6 30. exf7+ Kg7 31. Bxf8+ Rxf8 32. Qd4 b3 33. Qc3 Ra4 34. Rxb3 Qe2
35. Re1 Qh5 36. c6 Qh4 37. Rf1 Kh6 38. Nd2 Rxf7 39. Nf3 Qxf4 40. Ne5 1-0

[Event "Druzynowe Mistrzostwa Polski - I Liga 2018"]
[Site "Pokrzywna"]
[Date "1899-12-30"]
[Round "9.15"]
[White "Duda, Lukasz"]
[Black "Krzyzanowski, Marcin"]
[Result "0-1"]
[WhiteTitle "k++"]
[BlackTitle "IM"]
[WhiteElo "2201"]
[BlackElo "2477"]

1. d4 Nf6 2. c4 g6 3. Nc3 d5 4. e3 Bg7 5. Nf3 O-O 6. Bd3 c5 7. dxc5 dxc4 8. Bxc4
Qxd1+ 9. Kxd1 Nbd7 10. Bd2 Nxc5 11. h3 Nfe4 12. Ke2 Nxc3+ 13. Bxc3 Bxc3 14. bxc3
b6 15. Nd2 Bb7 16. f3 Na4 17. Rac1 Rac8 18. Bb3 Nxc3+ 19. Kf2 Bd5 20. e4 Bxb3
21. axb3 Nb5 22. Ke3 Rfd8 23. Rxc8 Rxc8 24. Nc4 Rd8 25. Ra1 f6 26. f4 Kf7 27.
g4 Rd7 28. Rc1 Rd8 29. Ra1 h5 30. gxh5 gxh5 31. Rg1 Nd4 32. Nd2 Nc2+ 33. Ke2 Rc8
34. Rg3 Nd4+ 35. Kd3 Ne6 36. f5 Nc5+ 37. Ke2 Rd8 38. b4 Rxd2+ 0-1

[Event "Druzynowe Mistrzostwa Polski - I Liga 2018"]
[Site "Pokrzywna"]
[Date "1899-12-30"]
[Round "9.16"]
[White "Jaworski, Miroslaw"]
[Black "Gola, Karol"]
[Result "0-1"]
[WhiteTitle "IM"]
[BlackTitle "k"]
[WhiteElo "2207"]
[BlackElo "2214"]

1. d4 d5 2. c4 c6 3. Nf3 Nf6 4. e3 e6 5. Nc3 Bd6 6. b3 Nbd7 7. Bd3 e5 8. cxd5 Bb4
9. Bd2 Bxc3 10. Bxc3 e4 11. dxc6 bxc6 12. Bc4 exf3 13. Qxf3 Qb6 14. O-O O-O 15.
e4 Rd8 16. g4 Rf8 17. g5 Ne8 18. h4 Nd6 19. Rfc1 Nxc4 20. bxc4 f6 21. Qg3 Qb8
22. Kg2 c5 23. d5 Qxg3+ 24. Kxg3 Ba6 25. gxf6 gxf6 26. Bd2 f5 27. Bh6 Rf6 28.
Bg5 Rf7 29. exf5 Rxf5 30. Rc3 Nb6 31. Rac1 Rf7 32. f3 Kg7 33. h5 h6 34. Be3 Rc8
35. Bf4 Kh7 36. Be3 Re7 37. Kf2 Rf7 38. f4 Rcc7 39. Kf3 Nd7 40. Kf2 Nf6 41. Ra3
Bc8 42. Rh1 Rb7 43. Rb3 Ng4+ 44. Kf3 Ne5+ 45. Kg3 Nxc4 46. Rxb7 Bxb7 47. Bxc5
Bxd5 48. Rd1 Rg7+ 49. Kf2 Bc6 50. Rg1 Rxg1 51. Kxg1 a6 52. Bf8 Bf3 0-1

[Event "Druzynowe Mistrzostwa Polski - I Liga 2018"]
[Site "Pokrzywna"]
[Date "1899-12-30"]
[Round "9.17"]
[White "Szolc, Grzegorz"]
[Black "Orzechowski, Jacek"]
[Result "0-1"]
[WhiteTitle "I+"]
[BlackTitle "m"]
[WhiteElo "2020"]
[BlackElo "2118"]

1. d4 Nf6 2. Bf4 d6 3. Nc3 Nbd7 4. Nf3 c5 5. d5 b5 6. Nxb5 Qa5+ 7. Nc3 Ne4 8. Bd2
Nxd2 9. Nxd2 Ba6 10. e4 Bxf1 11. Kxf1 g6 12. Nc4 Qa6 13. Qe2 Rb8 14. Nd1 Bg7 15.
c3 O-O 16. Nde3 Bh6 17. b3 Rxb3 18. axb3 Qxa1+ 19. Qe1 Qa2 20. Nd2 Bxe3 21. fxe3
Qc2 22. c4 Nf6 23. e5 Ng4 24. Ke2 Qc3 25. Qg3 Nxe5 26. h4 h5 27. Rf1 Qd3+ 28.
Ke1 Ng4 29. Rf3 a5 30. Qf4 Qc3 31. Ke2 Qb2 32. Qg5 Re8 33. Qf4 Ne5 34. Rg3 Qc2
35. e4 a4 36. bxa4 Nxc4 37. Qh6 Ne5 38. Qg5 Qxa4 39. Qf4 Qb5+ 40. Kd1 Ra8 0-1

[Event "Druzynowe Mistrzostwa Polski - I Liga 2018"]
[Site "Pokrzywna"]
[Date "1899-12-30"]
[Round "9.18"]
[White "Zemlickova, Olena"]
[Black "Szydlowska-duda, Marta"]
[Result "1/2-1/2"]
[WhiteTitle "WIM"]
[BlackTitle "k"]
[WhiteElo "2096"]
[BlackElo "2001"]

1. d4 d5 2. c4 e6 3. Nc3 Nf6 4. cxd5 exd5 5. Bg5 Be7 6. e3 c6 7. Bd3 Nbd7 8. Qc2
O-O 9. Nf3 Re8 10. O-O Nf8 11. Rab1 Be6 12. b4 Rc8 13. Rfc1 N6d7 14. Bf4 Ng6 15.
Bg3 Nb6 16. a4 Bd6 17. Bxd6 Qxd6 18. h3 Qe7 19. Qe2 Nh4 20. Nxh4 Qxh4 21. a5 Nd7
22. b5 c5 23. dxc5 Rxc5 24. Na2 Rec8 25. Rxc5 Rxc5 26. Rb4 Qg5 27. f4 Qf6 28.
Rd4 Bf5 29. Nb4 Qe6 30. a6 bxa6 31. bxa6 Nf6 32. Bxf5 Qxf5 33. Qd3 Qe6 34. Kh2
g5 35. Qd2 g4 36. Nd3 Rb5 37. Nf2 h5 38. f5 Qxf5 39. Rf4 Qe5 40. Qd4 Qg5 41. g3
1/2-1/2

[Event "Druzynowe Mistrzostwa Polski - I Liga 2018"]
[Site "Pokrzywna"]
[Date "1899-12-30"]
[Round "9.19"]
[White "Jaracz, Pawel"]
[Black "Lewtak, Damian"]
[Result "1-0"]
[WhiteTitle "GM"]
[BlackTitle "m"]
[WhiteElo "2453"]
[BlackElo "2430"]

1. c4 Nf6 2. Nf3 c6 3. Nc3 d5 4. e3 e6 5. b3 Nbd7 6. Be2 Bd6 7. O-O O-O 8. Qc2
Re8 9. d4 dxc4 10. bxc4 e5 11. Rd1 Qe7 12. a4 e4 13. Nd2 Nf8 14. c5 Bc7 15. Nc4
Ng4 16. h3 Nh6 17. d5 Qh4 18. Bf1 Bf5 19. Rb1 Rab8 20. dxc6 bxc6 21. Rxb8 Rxb8
22. Nd6 Bg6 23. Ne2 Ne6 24. Ng3 Qg5 25. Ba3 Nf5 26. Ngxf5 Bxf5 27. Rb1 Bg6 28.
Rxb8+ Bxb8 29. Qb3 Qd8 30. Bc4 Nxc5 31. Nxf7 Qb6 32. Ne5+ 1-0

[Event "Druzynowe Mistrzostwa Polski - I Liga 2018"]
[Site "Pokrzywna"]
[Date "1899-12-30"]
[Round "9.20"]
[White "Reza, Wojciech"]
[Black "Maksimenko, Andrei"]
[Result "1/2-1/2"]
[WhiteTitle "FM"]
[BlackTitle "GM"]
[WhiteElo "2284"]
[BlackElo "2483"]

1. e4 c5 2. Nf3 e6 3. b3 b6 4. Bd3 Bb7 5. O-O Nc6 6. Re1 Be7 7. Bb2 Nf6 8. e5 Nh5
9. Bf1 O-O 10. g3 d5 11. d4 g6 12. c3 Rc8 13. a3 Ng7 14. Nbd2 Rc7 15. b4 f5 16.
h4 f4 17. Bd3 fxg3 18. fxg3 Nf5 19. Nf1 g5 20. Bc1 gxh4 21. g4 Ng3 22. Nxg3 hxg3
23. Kg2 Rf7 24. Rh1 cxd4 25. cxd4 Nb8 26. Bd2 Nd7 27. Qe1 Nf8 28. Qxg3 Bc6 29.
Rac1 Be8 30. Rxc7 Qxc7 31. Rc1 1/2-1/2

[Event "Druzynowe Mistrzostwa Polski - I Liga 2018"]
[Site "Pokrzywna"]
[Date "1899-12-30"]
[Round "9.21"]
[White "Simantsev, Mikhail"]
[Black "Licznerski, Lukasz"]
[Result "1/2-1/2"]
[WhiteTitle "GM"]
[BlackTitle "FM"]
[WhiteElo "2445"]
[BlackElo "2277"]

1. d4 Nf6 2. c4 g6 3. Nc3 d5 4. Bf4 Bg7 5. e3 c5 6. dxc5 Qa5 7. Qa4+ Qxa4 8. Nxa4
Na6 9. Rd1 Bd7 10. Nc3 dxc4 11. Bxc4 Nxc5 12. Nf3 O-O 13. O-O Rfc8 14. Be5 Na4
15. Bxf6 Bxf6 16. Rxd7 Nxc3 17. Bb3 Ne4 18. Rxb7 Nc5 19. Rb5 a6 20. Rb6 Rab8 21.
Rxb8 Rxb8 22. Nd2 Nxb3 23. Nxb3 Bxb2 24. Rd1 Bc3 25. Rd7 a5 26. Ra7 Bb4 27. Kf1
Rc8 28. Nxa5 Rc1+ 29. Ke2 Rc2+ 30. Kf1 Rc1+ 31. Ke2 Rc2+ 32. Kf1 Rc1+ 1/2-1/2

[Event "Druzynowe Mistrzostwa Polski - I Liga 2018"]
[Site "Pokrzywna"]
[Date "1899-12-30"]
[Round "9.22"]
[White "Rymaszewski, Dariusz"]
[Black "Krysztofiak, Marcin"]
[Result "1/2-1/2"]
[WhiteTitle "k"]
[BlackTitle "IM"]
[WhiteElo "2052"]
[BlackElo "2386"]

1. g3 Nf6 2. Bg2 e5 3. d3 d5 4. Nf3 Bd6 5. O-O O-O 6. Nc3 c6 7. e4 dxe4 8. Nxe4
Nxe4 9. dxe4 Bg4 10. h3 Bh5 11. c3 a5 12. Qc2 Qc7 13. Nh4 Nd7 14. Re1 f6 15. Nf5
Bc5 16. Be3 Rfd8 17. Bf1 Bf7 18. Rad1 Bxe3 19. Nxe3 Nc5 20. b3 b5 21. f3 Rxd1
22. Rxd1 Rd8 23. Rd2 Rxd2 24. Qxd2 Qd7 25. Qxd7 Nxd7 26. Bd3 Be6 27. h4 Kf8 28.
Bc2 Ke7 29. Kf2 Nb6 30. Ke1 Kd6 1/2-1/2

[Event "Druzynowe Mistrzostwa Polski - I Liga 2018"]
[Site "Pokrzywna"]
[Date "1899-12-30"]
[Round "9.23"]
[White "Szustakowski, Antoni"]
[Black "Renkowski, Piotr"]
[Result "1-0"]
[WhiteTitle "FM"]
[BlackTitle "k+"]
[WhiteElo "2296"]
[BlackElo "2199"]

1. d4 d5 2. c4 c6 3. Nc3 Nf6 4. Nf3 e6 5. Bg5 Nbd7 6. e3 Be7 7. Qc2 h6 8. Bh4 O-O
9. Rd1 a6 10. a3 Re8 11. Bd3 dxc4 12. Bxc4 b5 13. Bd3 Bb7 14. O-O Qb6 15. b4 a5
16. Qb2 Bf8 17. e4 axb4 18. axb4 g6 19. Bc2 Ra7 20. Qb1 Rea8 21. e5 Nd5 22. Nxd5
cxd5 23. Bxg6 fxg6 24. Qxg6+ Kh8 25. Bf6+ Nxf6 26. exf6 Bc6 27. f7 Bg7 28. Ng5
1-0

[Event "Druzynowe Mistrzostwa Polski - I Liga 2018"]
[Site "Pokrzywna"]
[Date "1899-12-30"]
[Round "9.24"]
[White "Jablonska, Sabina"]
[Black "Jaracz, Barbara"]
[Result "0-1"]
[WhiteTitle "k"]
[BlackTitle "WGM"]
[WhiteElo "1956"]
[BlackElo "2230"]

1. e4 e5 2. Nc3 Nc6 3. Nge2 Nf6 4. g3 d5 5. exd5 Nxd5 6. Bg2 Be6 7. d3 Bc5 8. a3
O-O 9. Na4 Be7 10. O-O Qd7 11. b4 Bh3 12. c4 Bxg2 13. Kxg2 Nf6 14. Bb2 a6 15.
Qc2 Rad8 16. Rad1 Nd4 17. Nxd4 exd4 18. h3 h5 19. Bc1 h4 20. Rde1 Bd6 21. c5 Qc6+
22. Kh2 Nh5 23. Rg1 Rfe8 24. Rxe8+ Rxe8 25. Qd1 hxg3+ 26. fxg3 Bxg3+ 27. Rxg3
Nxg3 28. Kxg3 Qg6+ 29. Kh2 Qf5 30. Kg3 Re6 31. Qf3 Qe5+ 32. Bf4 Qe1+ 33. Qf2 Rg6+
34. Kf3 Qh1+ 35. Ke2 Rg2 0-1

[Event "Druzynowe Mistrzostwa Polski - I Liga 2018"]
[Site "Pokrzywna"]
[Date "1899-12-30"]
[Round "9.26"]
[White "Miroslaw, Michal"]
[Black "Cukrowski, Filip"]
[Result "1/2-1/2"]
[WhiteTitle "FM"]
[BlackTitle "FM"]
[WhiteElo "2280"]
[BlackElo "2397"]

1. e4 c5 2. Nf3 d6 3. d4 cxd4 4. Qxd4 Nc6 5. Bb5 a6 6. Bxc6+ bxc6 7. c4 e5 8. Qd3
Nf6 9. Nc3 Be7 10. O-O O-O 11. c5 Qa5 12. cxd6 Rd8 13. Bd2 Rxd6 14. Nd5 Qd8 15.
Ba5 Rxd5 16. Bxd8 Rxd3 17. Bxe7 Nxe4 18. Nxe5 Rd5 19. Nxc6 Bb7 20. Rac1 Rc8 21.
Nb4 Rxc1 22. Rxc1 Rd7 23. f3 Rxe7 24. fxe4 Rxe4 25. Nd3 Re7 26. Nc5 f5 27. Nxb7
Rxb7 28. b3 Rb6 29. Rc5 g6 30. Rc7 Rd6 31. a3 Rd3 32. Rb7 a5 33. Kf2 f4 34. a4
g5 35. Rb5 h6 36. Rxa5 Rxb3 37. Ra7 1/2-1/2

[Event "Druzynowe Mistrzostwa Polski - I Liga 2018"]
[Site "Pokrzywna"]
[Date "1899-12-30"]
[Round "9.27"]
[White "Kaczmarek, Aleksander"]
[Black "Stoma, Pawel"]
[Result "1-0"]
[WhiteTitle "FM"]
[BlackTitle "m"]
[WhiteElo "2398"]
[BlackElo "2317"]

1. e4 c6 2. d4 d5 3. e5 Bf5 4. c4 e6 5. Nc3 Ne7 6. a3 dxc4 7. Bxc4 Nd7 8. Nge2
Nb6 9. Ba2 Qc7 10. Ng3 Bg6 11. h4 h6 12. h5 Bh7 13. Nge4 Ned5 14. Qf3 O-O-O 15.
Bd2 Kb8 16. O-O Qd7 17. Rfd1 Rg8 18. Nc5 Bxc5 19. dxc5 Nxc3 20. bxc3 Na4 21. Bg5
hxg5 22. Rxd7 Rxd7 23. Bb1 Bxb1 24. Rxb1 Nxc5 25. Qe3 Na4 26. Rb4 Nb6 27. Qxg5
Nd5 28. Rd4 c5 29. Rd2 Rc7 30. h6 f6 31. exf6 Nxf6 32. Qe5 1-0

[Event "Druzynowe Mistrzostwa Polski - I Liga 2018"]
[Site "Pokrzywna"]
[Date "1899-12-30"]
[Round "9.28"]
[White "Panas, Pawel"]
[Black "Orzech, Dominik"]
[Result "1/2-1/2"]
[WhiteTitle "k"]
[BlackTitle "IM"]
[WhiteElo "2181"]
[BlackElo "2365"]

1. d4 d5 2. c4 c6 3. cxd5 cxd5 4. Bf4 Nf6 5. e3 Nc6 6. Nc3 a6 7. Bd3 Bg4 8. Nge2
e6 9. O-O Bd6 10. f3 Bh5 11. Rc1 Bg6 12. Bxd6 Qxd6 13. Nf4 O-O 14. Na4 Nd7 15.
a3 Rfc8 16. Qd2 Rc7 17. b4 b5 18. Nxg6 hxg6 19. Nc5 Nb6 20. Rfd1 Rca7 21. Bf1
Ne7 22. e4 Qd8 23. Qc2 Qe8 24. Rb1 Nec8 25. e5 Ne7 26. Qb3 Rb8 27. Qc3 Rba8 28.
Qb3 Rb8 29. Qc3 Rba8 30. Qb3 Rb8 31. Qc3 1/2-1/2

[Event "Druzynowe Mistrzostwa Polski - I Liga 2018"]
[Site "Pokrzywna"]
[Date "1899-12-30"]
[Round "9.29"]
[White "Flis, Pawel"]
[Black "Praszak, Michal"]
[Result "0-1"]
[WhiteTitle "k"]
[BlackTitle "m"]
[WhiteElo "1922"]
[BlackElo "2068"]

1. e4 c5 2. Nc3 Nc6 3. Bb5 Nd4 4. Bc4 Nf6 5. e5 d5 6. exf6 dxc4 7. fxg7 Bxg7 8.
Nge2 Bf5 9. Nxd4 cxd4 10. Ne2 d3 11. cxd3 Bxd3 12. O-O O-O 13. Re1 Qd6 14. Nc3
Kh8 15. b3 Qf4 16. Bb2 e6 17. bxc4 Rg8 18. Ne2 Qxc4 19. Bxg7+ Rxg7 20. Ng3 Qd5
21. Qb3 Bc4 22. Qc3 Rd8 23. Qf6 Qd4 24. Qxd4 Rxd4 25. Re4 Rg4 26. Rxg4 Rxg4 27.
Nf1 Rd4 28. Ne3 Ba6 29. Rd1 Ra4 30. Ra1 Bd3 31. Nd1 Ra3 32. f3 b5 33. Kf2 b4 34.
Rc1 Rxa2 35. Ke3 Bg6 36. Rc8+ Kg7 37. Rb8 a5 38. Rb5 Bc2 39. Ke2 Ra1 40. Ne3 Ba4
41. Rb6 Rb1 42. Kd3 Bb3 43. Rb5 Ra1 44. Rb6 Ra3 45. Ke2 Bd5 46. Nxd5 exd5 47.
Rd6 b3 48. Rxd5 a4 49. Rb5 Ra2 50. Rb4 b2 51. Kd3 a3 52. Kd4 0-1